Statystyki dla 2016.06.30, Polska - Portugalia - składy

Kliknij tutaj aby rozwiązać quiz!

Ogólne statystyki

  • Ten quiz został rozwiązany 69 razy
  • Średni wynik to 20 z 29

Statystyki odpowiedzi

KrajPozycjaPiłkarz% Poprawnych
PolskaTrenerAdam Nawałka
98%
PolskaNapastnikArkadiusz Milik
98%
PolskaBramkarzŁukasz Fabiański
98%
PortugaliaNapastnikCristiano Ronaldo
97%
PolskaObrońcaMichał Pazdan
97%
PolskaObrońcaKamil Glik
95%
PolskaNapastnikRobert Lewandowski
95%
PolskaPomocnikGrzegorz Krychowiak
94%
PolskaPomocnikJakub Błaszczykowski
94%
PortugaliaObrońcaPepe
90%
PolskaObrońcaŁukasz Piszczek
87%
PolskaObrońcaArtur Jędrzejczyk
85%
PortugaliaTrenerFernando Santos
85%
PolskaPomocnikKamil Grosicki
85%
PolskaPomocnikKrzysztof Mączyński
85%
PortugaliaBramkarzRui Patricio
81%
PortugaliaNapastnikNani
69%
PortugaliaPomocnikRenato Sanches
68%
PolskaPomocnik (r)Bartosz Kapustka
56%
PortugaliaPomocnik (r)Ricardo Quaresma
53%
PortugaliaPomocnik (r)Joao Moutinho
48%
PortugaliaPomocnikAdrien Silva
45%
PortugaliaPomocnikWilliam Carvalho
44%
PortugaliaObrońcaCedric
34%
PortugaliaObrońcaJose Fonte
34%
PolskaPomocnik (r)Tomasz Jodłowiec
31%
PortugaliaPomocnik (r)Danilo Pereira
26%
PortugaliaPomocnikJoao Mario
21%
PortugaliaObrońcaEliseu
6%

Rozkład punktacji

Percentyl według liczby udzielonych odpowiedzi

Procent ludzi z każdym wynikiem

Twoja historia wyników

Nie rozwiązałeś tego quizu